000 00666nam a2200241 a 4500
003 AR-BaBNM
005 20251128203836.0
008 082120s2002 ||||||||||||||000 | spa||
040 _cAR-BaBNM
100 1 _aGuglielmi, Nilda
245 0 0 _aLa ciudad medieval y sus gentes
_bItalia, siglos XII-XV
260 _aBuenos Aires
_bFundación para la educación, la ciencia y la cultura
_c1981
300 _a522 p.
_bil., gráfs.
650 4 _aHISTORIA MEDIEVAL
650 4 _aFEUDALISMO
650 4 _aENFERMEDADES
650 4 _aDEMOGRAFIA
650 4 _aCIUDADES
650 4 _aSOCIOLOGIA URBANA
653 _aFORMAS DE GOBIERNO
942 _cBK
998 _cMARTIN
999 _c5140
_d5140